000 00637nam a2200217Ia 4500
005 20241216010406.0
008 180423s9999||||xx |||||||||||||| ||und||
082 _a507
_bC93
100 _aCUETO, MARCOS
245 0 _aEXCELENCIA CIENTIFICA EN LA PERIFERIA
_bACTIVIDADES CIENTIFICAS E INVESTIGACION BIOMEDICA EN EL PERU 1890-1950
250 _a0
260 _aLIMA-PERU
_bMARCOS CUETO
_c1989
300 _a230 pag
_c21 cm
341 _h0
490 _v0
_a0
505 _aEMERGENCIA-RED ELITE/MEDICA BACTERIOLOGIA-BIOLOGIA
541 _aD
_bCONCYTEC
_d20-Dec-93
650 _aCIENCIAS PURAS
856 _zCC. Puras
942 _cLIBRO
999 _c13234
_d13234